000 00903nam a22002057a 4500
999 _c370082
_d370082
008 201130b ||||| |||| 00| 0 eng d
040 _bger
_cDE-2950
_erda
_aDE-2950
041 _ager
100 _aMahlke, Lisa:
245 _aVon der Ziegenwiese zum Erlebnisort.
_bSommerserie: Selbst, wer ihn schon viele Jahre kennt, kann ihn immer wieder neu entdecken: den Ziegenwerder in Frankfurt. Die Insel lädt zu entspannten Spaziergängen in der Natur oder zu geselligen Tagen mit Kulturprogramm ein. Eins davon findet noch im August statt./
264 _c2021
653 _aFrankfurt (Oder)
653 _aZiegenwerder
653 _aKulturprogramm
773 _dFrankfurt (Oder): Märkisches Verlags- und Druckhaus GmbH & Co KG
_g32. Jahrgang (2021) Nr. 178 vom 03.08.2021, S. 15: Foto
_tMärkische Oderzeitung
942 _cA